| 000 | 00655cam a2200205 4500 | ||
|---|---|---|---|
| 008 | |||
| 049 | _aMAIN | ||
| 090 |
_aHG8091 _bINS |
||
| 110 | _aInsurance Institute of South Africa | ||
| 245 | 1 | 0 |
_aInsurance broking : _b subject 5120/ _cInsurance Institute of South Africa. |
| 260 |
_aPretoria : _bCuppleditch Communications, _c1992. |
||
| 300 |
_a[Various pagings.] : _bill. ; _c29 cm. |
||
| 440 | _aInsurance Institute of South Africa. | ||
| 650 | 0 | _aInsurance, Property. | |
| 907 |
_a.b10225754 _b25-05-18 _c22-01-07 |
||
| 003 | |||
| 005 | 20230120193605.0 | ||
| 040 | _cNUST | ||
| 942 |
_cBOOKS _kHG8091 _mINS |
||
| 999 |
_c101823 _d101823 |
||